00311nam a2200121 a 450000500170000000800410001702000180005805000180007610000170009424500340011126000330014544000110017820140412111409.0070706s19uu xx 00 eng d a0-307-62792-6 aERbLi66 1994 aHover, Margo aThe lion king /cMargo Hover. aU.S.A :bWalt Disney,c1994. aDisney